=LDR 00000nam 2200000 4500 =001 NUTBA000000000004867 =005 20141013100942.0 =006 =007 =008 =020 ##$$a 978-979-29-3219-5 =035 ##$$a 0010-101400000000097 =040 ##$$a NBPDMAT =082 ##$$a 620.004 202 85 =090 ##$$a 620.004 202 85 $b Pas p =245 ##$$a Pas membuat desain arsitektur gedung dengan archicad 15 dan photoshop C55.5 =260 ##$$a Yogyakarta : $b Andi, $c 2012 =300 ##$$a xii, 252 hlm. ; $c 23 cm. =650 ##$$a Archcad 18 dan photoshop C5.5.5